La Comunitat jueva de Barcelona entre 1348 i 1391 a través de la documentació notarial / Anna Rich Abad
ISBN:
84-7935-701-0
Descripción Física:
452 p. ; 24 cm
Colección:
Estudis ; 21
MARC
| LEADER | 00000nam a2200000Ia 4500 | ||
|---|---|---|---|
| 001 | 13123 | ||
| 008 | 160829s1999 xx 000 0 cat d | ||
| 020 | |a 84-7935-701-0 | ||
| 080 | |a H-2-117 | ||
| 100 | |a Rich Abad, Ana |9 32426 | ||
| 245 | |a La Comunitat jueva de Barcelona entre 1348 i 1391 a través de la documentació notarial / Anna Rich Abad | ||
| 260 | |a Barcelona : |b Fundació Noguera ; Lleida : |b Pagès, |c 1999 | ||
| 300 | |a 452 p. ; |c 24 cm | ||
| 490 | |a Estudis ; 21 | ||
| 590 | |a Amb la col·laboració de CIB, Comunitat Israelita de Barcelona | ||
| 650 | |a Jueus |x Barcelona |x Història |x Fonts |9 32427 | ||
| 650 | |a Barcelona |x Història |x S. XIV |x Fonts |9 32428 | ||
| 700 | |a Fundació Noguera |9 70407 | ||
| 700 | |a Comunitat Israelita de Barcelona |9 32429 | ||
| 901 | |a Arxiu | ||
| 942 | |n 1 | ||
| 952 | |0 0 |1 0 |4 0 |6 H2117 |7 1 |9 45980 |a Arxiu |b Arxiu |d 2016-12-01 |l 0 |o H-2-117 |p 13123 |r 2016-12-01 00:00:00 |w 2016-12-01 |y ARXIU | ||
| 999 | |c 49481 |d 49481 | ||